Home Print Resources E-Books E-Journals IIMT Lecture Series Library Membership Form Book Recommendation Form Campus Tour Take AdmissionAbout Us Contact Us

BUSSINESS RESEARCH METHODS (Record no. 2673)

000 -LEADER
fixed length control field 00367nam a2200157Ia 4500
003 - CONTROL NUMBER IDENTIFIER
control field OSt
005 - DATE AND TIME OF LATEST TRANSACTION
control field 20240208095538.0
008 - FIXED-LENGTH DATA ELEMENTS--GENERAL INFORMATION
fixed length control field 170524s9999 xx 000 0 und d
020 ## - INTERNATIONAL STANDARD BOOK NUMBER
International Standard Book Number 978-0073521503
040 ## - CATALOGING SOURCE
Transcribing agency IIMT UNIVERSITY
100 ## - MAIN ENTRY--PERSONAL NAME
Personal name COOPER -DONALD
100 ## - MAIN ENTRY--PERSONAL NAME
Titles and words associated with a name 2012
245 #0 - TITLE STATEMENT
Title BUSSINESS RESEARCH METHODS
260 ## - PUBLICATION, DISTRIBUTION, ETC.
Place of publication, distribution, etc. TATA MC GRAW HILL
942 ## - ADDED ENTRY ELEMENTS (KOHA)
Source of classification or shelving scheme
Koha item type Book Bank
Holdings
Withdrawn status Lost status Source of classification or shelving scheme Damaged status Not for loan Home library Current library Date acquired Coded location qualifier Barcode Date last seen Uniform Resource Identifier Price effective from Koha item type Public note Total Checkouts Date last checked out
          IIMT University Central Library Meerut IIMT University Central Library Meerut 05/30/2017 Dept. MBA 01-B-20637 05/30/2017 MANAGEMENT 05/30/2017 Book Bank    
          IIMT University Central Library Meerut IIMT University Central Library Meerut 05/30/2017   01-B-20638 05/30/2017 MANAGEMENT 05/30/2017 Book Bank      
          IIMT University Central Library Meerut IIMT University Central Library Meerut 05/30/2017   01-B-20639 05/30/2017 MANAGEMENT 05/30/2017 Reference Book    
          IIMT University Central Library Meerut IIMT University Central Library Meerut 05/30/2017   01-B-20640 05/30/2017 MANAGEMENT 05/30/2017 Book Bank      
          IIMT University Central Library Meerut IIMT University Central Library Meerut 05/30/2017   01-B-20641 11/28/2020 MANAGEMENT 05/30/2017 Book Bank   1 11/27/2020
IIMT, Central Library. All Rights Reserved IIMT,UNIVERSITY © 2023
Implemented and Customised by I CLOUDE EMS
You Are OPAC Visitor No
free web counter

Powered by Koha